1727 1457 1301 1543 1516 1881 1990 1944 1194 1621 1246 1555 1094 1489 1181 1505 1137 1932 1459 1657 1909 1314 1024 1708 1615 1561 1964 1064 1340 1040 1023 1430 1507 1599 1836 1943 1794 1643 1515 1036 1680 1992 1712 1701 1609 1573 1287 1794 1364 1761 1649 1944 1960 1260 1937 1605 1894 1259 1651 1657 1702 1892 1233 1784 1077 1798 1248 1168 1327 1683 1725 1880 1884 1223 1098 1794 1110 1790 1370 1943 1119 1173 1482 1576 1770 1072 1547 1112 1091 1965 1216 1991 1444 1672 1354 1261 1354 1841 1777 BCNSPRNW ULIB Ver.6.0+V

เปลี่ยนเป็นภาษาไทย

Change to English
 แสดงรายละเอียดบรรณานุกรม
  กลับหน้าหลัก

Brief Record : Get Marc (ISO 2709) : E-mail record : QR code < ปิดหน้าต่าง
LEADER : 00000nam 2200000uu 4500
001    13399112699
003     ULIB
008    110905s2544||||th 000 0 tha d
020    9748776077
050  4 LB1025^bช497ค 2544
100 0  ชาตรี สำราญ
245 10 ครูรู้ได้อย่างไรว่าเด็กเกิดการเรียนรู้ /^cชาตรี สำราญ
250    พิมพ์ครั้งที่ 4
260    กรุงเทพฯ :^bมูลนิธิสดศรี-สฤษดิ์วงศ์,^c2544
300    9, 267 หน้า ;^c21 ซม.
500    รายงานผลการพัฒนาการจัดกิจกรรมการเรียนการสอนกลุ่มทักษะภาษาไทย ชั้นประถมปีที่ 3 ปีการศึกษา 2539 เรื่องการเรียนรู้ภาษาไทยโดยอาศัยสิ่งแวดล้อมเป็นสื่อ
650  4 ภาษาไทย^xการศึกษาและการสอน
945    ^p110^l0^i013829
945    ^p110^l0^i013830
945    ^p110^l0^i013831
995    ทศพร
999 ^a ทศพร
รายการนี้ยังไม่มีแท็ก
คุณยังไม่ได้ล็อกอิน คุณสามารถมีกิจกรรมร่วมกับเว็บไซต์ได้ แต่ต้องล็อกอินก่อน ::
  ล็อกอิน

รายการสื่อสารสนเทศ

ลำดับที่ ประเภท เลขเรียก/บาร์โค้ด สถานที่ สถานะ
- ไม่พบข้อมูล -

รายการใกล้เคียง
    ผู้แต่ง [ชาตรี สำราญ]

BibComment


ยังไม่เคยถูกคอมเมนท์

คอมเมนท์ทรัพยากรรายการนี้
  คอมเมนท์: ครูรู้ได้อย่างไรว..


 Copyright 2026. Bcnsprnw @Library